| 000 | 01253nam0a22002891 4500 | ||
|---|---|---|---|
| 001 | rc\2614385 | ||
| 005 | 20260406230532.0 | ||
| 035 | _a(NLR Aleph) 006778193 | ||
| 090 |
_a6016134 _c6016134 |
||
| 100 | _a20110914d1930 |||y0rusy50 ca | ||
| 101 | 0 | _arus | |
| 102 | _aRU | ||
| 105 | _aab z ||||| | ||
| 200 | 1 | _aМаршруты водных (пароходных и лодочных) экскурсий в навигацию 1930 г. | |
| 210 |
_aМосква _cЦ. С. О-ва пролет. туризма _d1930 _eСкопин _gэл-тип. Скопинск. горсовета |
||
| 215 |
_a96 с. _cил., черт., карт. _d16х10 см. |
||
| 225 | 1 | _aБиблиотека пролетарского туриста | |
| 300 | _aЗагл. обл.: Водные маршруты на 1930 год | ||
| 320 | _aБиблиография: "Библиография" (30 названий) | ||
| 512 | 0 | _aВодные маршруты на 1930 год | |
| 710 | 0 | 2 |
_aОбщество пролетарского туризма _cМосква _bЦентральный совет _3RU\NLR\AUTH\889982753 _9461395 |
| 801 | 0 |
_aRU _bNLR _gpsbo |
|
| 801 | 1 |
_aRU _bELAR _2rusmarc |
|
| 852 |
_aNLR _j30.8/4565 |
||
| 942 | _cBOOK | ||
| 980 | _aNB | ||